| 000 | 00345 a2200109 4500 | ||
|---|---|---|---|
| 001 | ART_3471 | ||
| 005 | 20260410161715.0 | ||
| 008 | 260409a | ||
| 245 | 1 | 0 | _aSalarios industriales e inflación.El período 1976-82 |
| 100 | 1 | _aFrenkel, Roberto | |
| 773 | 0 |
_tDesarrollo económico _g- Vol. 24, Nº 95 (oct./dic. 1984) _wREV1174 |
|
| 999 |
_c16419 _d16419 |
||